Global biodiversity information facility strategic plan (Registro nro. 3782)

Detalles MARC
000 -CABECERA
Campo de control 00376nam a2200145 a 4500
005 - FECHA Y HORA DE LA ULTIMA TRANSACCION
Campo de control 20140312114621.0
008 - ELEMENTOS DE LONGITUD FIJA—INFORMACION GENERAL
Campo de control 140312b2003 ||||| |||| 00| 0 eng d
041 ## - IDIOMA
Código de idioma para texto/pista de sonido o título separado Inglés
090 ## - CLASIFICACIÓN LOCAL
Colección LB
Consecutivo 03520
245 ## - MENCION DE TITULO
Título Global biodiversity information facility strategic plan
Parte restante del título octubre 2003
260 ## - PUBLICACION, DISTRIBUCION, ETC. (PIE DE IMPRENTA)
Lugar de publicación, distribución, etc. s.l
Nombre del editor, distribuidor, etc. GBIF
Fecha de publicación, distribución, etc. 2003
300 ## - DESCRIPCION FISICA
Extensión 27 p.
942 ## - ELEMENTOS ADICIONALES (KOHA)
Tipo de ítem Impreso
Sistema de clasificación Local
945 ## - PROCESAMIENTO LOCAL
AAAA-MM-DD - Fecha de ingreso o modificacion 2004-03-29
Existencias
Withdrawn status Lost status Sistema de Clasificación Damaged status No para préstamo Colección Inventariado Ubicación Permanente Ubicación actual Fecha de adquisición Total Checkouts Número topográfico Inventario / Código de Barras Date last seen Ejemplar Price effective from Forma de adquisición Tipo de material
    Local     General Inventariado 2017 Sala Fabio Quevedo Sala Fabio Quevedo 29/03/2004   LB-03520 015708 04/12/2012 Ej. 1 04/12/2012 Donación Libro